000 00465nam a22001577a 4500
003 OSt
005 20151117154144.0
008 151117b xxu||||| |||| 00| 0 eng d
040 _cRUA
082 _aFIS អាន 1991 B145 or.1
100 _93816
_aអាន ពេជ្យហត្ថា
245 _aលក្ខណៈជិវសាស្រ្តត្រីដំរី
260 _aPhnom Penh
_bRUA
_c1991
300 _a56p.
_bill.
_c29cm.
942 _2ddc
_cFIS
999 _c3549
_d3549